Statistics for Countries of Comecon Quiz

Click here to take the quiz!

General Stats

  • This quiz has been taken 142 times
  • The average score is 19 of 24

Answer Stats

StatusCountries% Correct
MemberSoviet Union
98%
MemberCzechoslovakia
95%
MemberPoland
94%
MemberBulgaria
93%
(Observer Status)China
93%
MemberRomania
93%
(Former Member)Albania
92%
(Associate Status)Yugoslavia
91%
MemberHungary
89%
MemberVietnam
89%
MemberEast Germany
88%
(Observer Status)North Korea
88%
MemberCuba
85%
MemberMongolia
82%
(Observer Status)Angola
81%
(Observer Status)Laos
79%
(Observer Status)Afghanistan
76%
(Observer Status)Mozambique
70%
(Observer Status)Ethiopia
65%
(Observer Status)South Yemen
59%
(Observer Status)Finland
54%
(Observer Status)Iraq
54%
(Observer Status)Nicaragua
49%
(Observer Status)Mexico
37%

Score Distribution

Percentile by Number Answered

Percent of People with Each Score

Your Score History

You have not taken this quiz